| 000 | 01586nam a22001457a 4500 | ||
|---|---|---|---|
| 999 |
_c525482 _d525482 |
||
| 008 | 240306b ||||| |||| 00| 0 eng d | ||
| 100 |
_aKumar, Pravin _950254 |
||
| 245 | _aGovernance of public-private partnership in health sector in India | ||
| 260 | _aBihar Journal of Public Administration | ||
| 300 | _a20(2), Jul-Dec, 2023: p.311-323 | ||
| 520 | _aThe term Governance in place of Government has acquired significance since 1990s, particularly for developing countries. Afterwards, it has become more prevalent in managing a country’s economic and social resources for development. In 21st Century it has been believed that unless non-state actors are not involved in development process, the goal of good governance cannot be achieved. For which private players are involved service delivery mechanism known as PublicPrivate Partnerships (PPP). Health service delivery is one of the prime sector for introducing PPP which has become an effective tool that ensures the efficient delivery of public health services to the beneficiary. The present paper focuses on examination of the Public-Private Partnerships in the health sector in India and also its functional aspects. The paper is based on secondary sources of data. The study reveals that the involvement of private service providers and its monitoring has been done through various models in the health sector but it has not shown much promise due to various reasons.- Reproduced http://www.iipabiharbranch.org/ | ||
| 773 | _aBihar Journal of Public Administration | ||
| 906 | _aHEALTH SERVICES | ||
| 942 | _cAR | ||